Slovenská futbalová reprezentácia v roku 2006

Podrobná bibliografia
Médium: Článok
Jazyk:slovenčina
Fyzický popis:Fotogr.
ISSN:0139-7001
Predmet:

MARC

LEADER 00000nab a2200000 ar4500
001 vtls008933419
003 SK-MaSNL
005 20260426073727.0
008 070109c20061230xo wr|p|||||||000 b|slo
015 |a SNBRBL2007/01  |2 snkbucl 
038 |a SNKBUCL 
040 |a SNKBUCL  |b slo  |c SNKBUCL  |e AACR2 
041 0 |a slo 
044 |a xo  |c SK 
080 |a 796.332  |x (437.6)  |2 UDC-MRF-SK2 
245 0 0 |a Slovenská futbalová reprezentácia v roku 2006 
300 |b Fotogr. 
648 7 |a 2006  |2 snkbucl  |9 313148 
650 0 7 |a futbal  |2 snkbucl  |9 3291 
650 0 7 |a reprezentácia (šport)  |2 snkbucl  |9 53655 
651 7 |a Slovensko  |2 snkbucl  |9 14231 
773 0 |t Šport  |g Roč. 60, č. 299 (30.12.2006), s. 8-10  |x 0139-7001 
852 |a SNK  |b KIS3GCP 
999 |c 2716685  |d 2718615